000 00246nam a2200109Ia 4500
008 190216s9999||||xx |||||||||||||| ||und||
100 _aWalker C J
245 0 _aPrinciples Of Cost Accounting
260 _bNull
_c1978
300 _a579p
942 _cBK
999 _c4541
_d4541